01404nam a2200241Ia 4500001000900000003001000009008004100019040002500060041001300085100004000098245005400138250001100192260006900203300001200272500026400284501011400548520026400662650002300926942000700949957000600956999004200962952015801004L140-964IT-CnALBA170116s9999||||xx |||||||||||||| ||und|| aIT-CnALBAcIT-CnALBA aITALIANO aROSSIGNOLI GIOVANNI, PROF. CANONICO 0aPRINCIPI DI FILOSOFIA VOL. I LOGICA E METAFISICA  a1a ed. aROMA - RATISBONAbPUNTET FED. LIBR. PONT. c1905 [1° Ed.: n.d.] a507 p.  aEVOLUZIONISMO. LOGICA. IDEA PAROLA. GIUDIZIO PROPOSIZIONE RAZIOCINIO ARGOMENTAZIONE. VERITÀ CERTEZZA ERRORI METODO. ESSERE ATTRIBUTI DELL'ENTE SOSTANZA ACCIDENTI QUANTITA' QULITA' RELAZIONE. AZIONE PASSIONE TEMPO SPAZIO. MATERIA ESTENSIONE ATTIVITÀESSENZA aSocietà San Paolo EM - Piazza San Paolo, 14 - 12051 ALBA (CN) (non commercial uses only) ® Copyright 2017 aEVOLUZIONISMO. LOGICA. IDEA PAROLA. GIUDIZIO PROPOSIZIONE RAZIOCINIO ARGOMENTAZIONE. VERITÀ CERTEZZA ERRORI METODO. ESSERE ATTRIBUTI DELL'ENTE SOSTANZA ACCIDENTI QUANTITA' QULITA' RELAZIONE. AZIONE PASSIONE TEMPO SPAZIO. MATERIA ESTENSIONE ATTIVITÀESSENZA aSISTEMI FILOSOFICI cBK 71 a1056bSI g Copie: 1 c260193d260193 0010406L_14096471aALBAbALBAd2017-01-16l0oL140-964r2017-01-16 00:00:00w2017-01-16yBKz(data import: 16 gennaio 2017) - By Epidotti, Vaglietti.